000 01529cam a22004097a 4500
003 CHAP
005 20220329142141.0
008 000117d1999 nl r 00010 spa d
010 _a79245
011 _a80217
035 _a90664
040 _cCHAP
090 _aFolleto 15629
100 0 0 _aRey, Juan Carlos.
_996727
245 0 _aEvaluación del contexto institucional para definir el rol de los INIAs en la investigación y gestión de los recursos naturales
_c/por Juan Carlos Rey {y otros}
260 _aLa Haya :
_bServicio Internacional para la Investigación Agrícola Nacional,
_c1999.
300 _a47 p.
590 _aBATCH-UPD
_b10
_c20130110
_lUCH01
_h0025
590 _aBATCH-UPD
_b10
_c20130110
_lUCH01
_h0422
590 _aBATCH-UPD
_b10
_c20130110
_lUCH01
_h2344
590 _aBATCH-UPD
_b10
_c20130409
_lUCH01
_h2006
590 _aBATCH-UPD
_b10
_c20130410
_lUCH01
_h0454
590 _aBATCH-UPD
_b10
_c20130913
_lUCH01
_h2108
590 _aBATCH-UPD
_b10
_c20130914
_lUCH01
_h1931
590 _aCONVERSION
_b10
_c20130109
_lUCH01
_h1344
650 1 4 _aAgricultura
_xInnovaciones tecnológicas.
_91565
650 1 4 _aAgricultura
_xInvestigación
_xVenezuela.
_91690
650 1 4 _aPolítica ambiental.
_990422
650 1 4 _aRecursos naturales
_xInvestigación.
_995292
700 0 _aMazzani, Elena.
_973331
700 0 _aSánchez, Antonio.
_9107941
700 0 _aTrujillo, Valentina.
_9115427
901 _aBK
905 _aLilia Sánchez G.
942 _cFOLL
949 _aFolleto 15629
_bBC
_cFOLL
_d906641
_eTS1
_i90664
_sb
999 _c79245
_d79245